Normal view
MARC view
- Isenberg, Cyril
Entry Personal Name
001 - CONTROL NUMBER
- control field: 103657
003 - CONTROL NUMBER IDENTIFIER
- control field: NUST
005 - DATE AND TIME OF LATEST TRANSACTION
- control field: 20221128095540.0
008 - FIXED-LENGTH DATA ELEMENTS
- fixed length control field: 221128|| aca||aabn | a|a d
040 ## - CATALOGING SOURCE
- Original cataloging agency: NUST
- Transcribing agency: NUST
100 ## - HEADING--PERSONAL NAME
- Personal name: Isenberg, Cyril
670 ## - SOURCE DATA FOUND
- Source citation: Work cat.: (NUST)180572: Physics experiments and projects for students / , <c1996- >
